IT technológie ako nástroj na zvyšovanie firemnej výkonnosti a ich obmedzenia v budúcnosti

Informačné technológie prácu manažérov uľahčujú a robia lepšou, informačne viac zabezpečenou a efektívnejšou, ale nedokážu ju nahradiť vzhľadom na komplexnosť práce manažéra. Dôvod je skrytý priamo v podstate manažérskej práce a jej funkciách : plánovaní, organizovaní a kontrole ako aj v externom...

Full description

Saved in:
Bibliographic Details
Main Author: Hanák, Róbert, 1979-
Format: Book Chapter
Language:Slovak
Subjects:
Tags: Add Tag
No Tags, Be the first to tag this record!

MARC

LEADER 00000nla$a2200000$$$4500
001 0083966
005 20240502071938.1
041 0 |a slo 
044 |a SK 
245 1 0 |a IT technológie ako nástroj na zvyšovanie firemnej výkonnosti a ich obmedzenia v budúcnosti  |c Róbert Hanák 
520 |a Informačné technológie prácu manažérov uľahčujú a robia lepšou, informačne viac zabezpečenou a efektívnejšou, ale nedokážu ju nahradiť vzhľadom na komplexnosť práce manažéra. Dôvod je skrytý priamo v podstate manažérskej práce a jej funkciách : plánovaní, organizovaní a kontrole ako aj v externom prostredí plnom neznámych faktorov. Vo všetkých, no zvlášť v plánovaní a organizovaní, teda v tých dvoch náročnejších funkciách, súčasné informačné technológie alebo umelá inteligencia dosahujú najmenšie alebo takmer žiadne prakticky použiteľné úspechy. Ani o 100 rokov nebudeme v podstate, čo sa týka nahradenia ľudskej inteligencie v manažmente umelou inteligenciou výrazne ďalej ako dnes. Informačné a komunikačné technológie nie sú manažérskymi pracovníkmi považované za výrazný zdroj na zvyšovanie ich individuálnej výkonnosti. 
610 2 0 |a technológie informačné 
610 2 0 |a technológie komunikačné 
610 2 0 |a inteligencia umelá 
610 2 0 |a manažéri 
610 2 0 |a výkonnosť 
610 2 0 |a manažment 
100 1 |a Hanák, Róbert, 1979-